000 00517nam a2200181Ia 4500
005 20250508162752.0
008 008 250505s9999 xx 000 0 eng d
037 _aTextual
040 _aFEDL
_beng
_cFEDL
041 _aeng
_2eng
084 _a650, TRI
_qFEDL
100 _aTripathi P C
_9241510
245 0 _aPersonnel management and industrial relations
260 _aNew Delhi, India
_bSultan Chand and Sons
_c1991
300 _axvi,522p
942 _cTEXL
_h650, TRI
999 _c1378595
_d1378595